00423nam a2200157Ia 4500003000400000008004100004040001600045082001700061100002100078245007000099260004900169300000800218650001300226650001100239650001500250GCL140319s9999 xx 000 0 eng d aGCL / cGCL04a629.892bM.P1 aMEGAHED, SAID M.10aPrinciples of Robot Modelling and Simvlation / cMEGAHED, SAID M. a[S.N] : bJOHN WILEY AND SONS. INC ، c1993 a31204aROBOTICS04aROBOTS04aSUMULATION